Normal view
MARC view
Entry Topical Term
001 - CONTROL NUMBER
- control field: 30525
003 - CONTROL NUMBER IDENTIFIER
- control field: OSt
005 - DATE AND TIME OF LATEST TRANSACTION
- control field: 20230912145511.0
008 - FIXED-LENGTH DATA ELEMENTS
- fixed length control field: 230912|| aca||aabn | a|a d
040 ## - CATALOGING SOURCE
- Original cataloging agency: OSt
- Transcribing agency: OSt
150 ## - HEADING--TOPICAL TERM
- Topical term or geographic name entry element: ပရိတ်တော်
670 ## - SOURCE DATA FOUND
- Source citation: Work cat.: (OSt): ယဥ်စိုး၊ အောင် (ရွှေညာ) 30524, ဣသိဂိလိသုတ်ပရိတ်တော်ပရိတ်ကြီး၁၁သုတ်ပါဋ္ဌိတော်အသံထွက်နှင့်ပရိတ်စွမ်းအားအကျိုးတရား /, ၁၉၉၂။